Statistics for Countries Closest to Sweden by first two letters

Click here to take the quiz!

General Stats

  • This quiz has been taken 151 times
  • The average score is 16 of 20

Answer Stats

kmcountrymiles% Correct
0Finland0
98%
0Norway0
98%
4Denmark2
95%
72Germany45
95%
208Russia129
94%
195Lithuania121
90%
154Poland96
90%
515Belarus320
88%
658Belgium409
88%
144Latvia89
88%
150Estonia93
86%
433Netherlands269
81%
685United Kingdom426
72%
480Czechia298
69%
776France482
68%
732Luxembourg455
65%
694Ukraine431
64%
710Austria441
59%
718Slovakia446
55%
846Hungary525
42%

Score Distribution

Percentile by Number Answered

Percent of People with Each Score

Your Score History

You have not taken this quiz